000 00722nam a2200193 i 4500
001 75085
003 ES-MaACL
005 20230906172331.0
007 t|
008 040922s1971 sp ||||1| spa d
100 1 _aGor'kiï, Maksim.
_959128
245 1 3 _aLa vida de Klim Samguin /
_cMáximo Gorki (seud.) ; [traducción Yelena G. Volozhanina e Ignacio Romero de Solís].
260 _a[Madrid] :
_bFundamentos,
_c[1971]
300 _av. ;
_c20 cm.
505 8 _aContiene: V. I: Una infancia provinciana. -- V. II: San Petersburgo. -- V. III: Moscú. -- V. V: Varvara. -- V. VI: 1905
700 1 _aVolozhanina, Yelena G.
_9115710
700 0 _aRomero de Solís, Ignacio.
_999374
852 _aES-MaACL
_jP-1845
_bR.79382
999 _c75085
_d75085